[Event "Liga Madrileña - DH 2014-2015"]
[Site "Madrid ESP"]
[Date "2015.02.01"]
[Round "8.24"]
[White "Cortes Jurado, Rafael"]
[Black "Martinez Rodriguez, Pablo"]
[Result "0-1"]
[WhiteElo "2058"]
[BlackElo "2281"]
[PlyCount "182"]
[EventDate "2014.11.23"]
[EventType "team-tourn"]
[EventRounds "14"]
[EventCountry "ESP"]
[Source "lmi"]
[SourceDate "2014.11.23"]
[WhiteTeam "Moratalaz"]
[BlackTeam "Collado Villalba"]
[WhiteTeamCountry "ESP"]
[BlackTeamCountry "ESP"]

1. d4 Nf6 2. c4 e6 3. Nc3 Bb4 4. e3 O-O 5. Bd3 c5 6. Nge2 d5 7. O-O Nc6 8. a3
cxd4 9. exd4 dxc4 10. Bxc4 Bd6 11. h3 b6 12. Bg5 Be7 13. Rc1 Bb7 14. Qd3 h6 15.
Bh4 Nh5 16. Bxe7 Nxe7 17. Ba2 Nd5 18. Bxd5 Bxd5 19. Nxd5 Qxd5 20. Rfd1 Rac8 21.
Nc3 Qg5 22. Qf3 Rfd8 23. Rc2 Qf5 24. Qxf5 exf5 25. Re2 Rd7 26. Re5 g6 27. g3
Nf6 28. d5 Rcd8 29. f3 h5 30. h4 Kg7 31. Kf2 Rd6 32. Rd4 a6 33. Rd2 b5 34. Rd4
Nd7 35. Re3 Nb6 36. a4 Nxd5 37. Nxd5 Rxd5 38. Rb4 Rd2+ 39. Re2 R2d4 40. Rxd4
Rxd4 41. axb5 axb5 42. Ke3 Rb4 43. Rc2 Kf6 44. f4 Rb3+ 45. Kf2 Ke6 46. Rd2 f6
47. Kg2 Re3 48. Kf2 Re4 49. Rd3 Rc4 50. Kf3 Rc5 51. Ke3 Rc7 52. Rb3 Rb7 53. Rd3
Rc7 54. Rb3 Rc5 55. Rd3 Rc4 56. Rb3 Re4+ 57. Kf3 b4 58. Rd3 Ke7 59. Rd5 Rc4 60.
Rd3 Ke6 61. Ke3 g5 62. Rd4 gxf4+ 63. gxf4 Rc2 64. Rxb4 Rh2 65. Rb6+ Kf7 66. Kf3
Rh3+ 67. Kg2 Rxh4 68. Kg3 Rg4+ 69. Kf3 h4 70. Rb7+ Kg6 71. Rb8 Rg3+ 72. Kf2 Kh5
73. b4 Rb3 74. b5 Kg4 75. b6 Kxf4 76. b7 Rb2+ 77. Kg1 Kf3 78. Kh1 f4 79. Kg1 f5
80. Kh1 Rb1+ 81. Kh2 Kf2 82. Rf8 Rxb7 83. Rxf5 f3 84. Re5 Rg7 85. Re4 Kf1 86.
Re3 f2 87. Kh1 Rd7 88. Kh2 Rd1 89. Kh1 Re1 90. Rb3 Ke2+ 91. Kh2 f1=R 0-1

[Event "Liga Madrileña - DH 2014-2015"]
[Site "Madrid ESP"]
[Date "2015.02.01"]
[Round "8.25"]
[White "Bermejo Arruego, Luis"]
[Black "Garcia Ruido, Ricardo"]
[Result "1-0"]
[WhiteElo "2174"]
[BlackElo "2053"]
[PlyCount "71"]
[EventDate "2014.11.23"]
[EventType "team-tourn"]
[EventRounds "14"]
[EventCountry "ESP"]
[Source "lmi"]
[SourceDate "2014.11.23"]
[WhiteTeam "Collado Villalba"]
[BlackTeam "Moratalaz"]
[WhiteTeamCountry "ESP"]
[BlackTeamCountry "ESP"]

1. e4 c5 2. Nf3 Nc6 3. Bb5 e6 4. O-O Nge7 5. Re1 a6 6. Bf1 Ng6 7. c3 d5 8. exd5
Qxd5 9. d4 Be7 10. Be3 cxd4 11. cxd4 O-O 12. Nc3 Qa5 13. a3 Qd8 14. g3 b5 15.
Bg2 Rb8 16. h4 Bd6 17. Ng5 Nge7 18. Qh5 h6 19. Nge4 Nf5 20. Nxd6 Nxe3 21. Nxf7
Rxf7 22. fxe3 Rf5 23. Qe2 Bb7 24. Rf1 Ne7 25. Bxb7 Rxb7 26. Qg2 Rb8 27. g4
Rxf1+ 28. Rxf1 b4 29. axb4 Rxb4 30. Qf2 Qb8 31. Nd1 Nd5 32. g5 Rb7 33. e4 Ne7
34. gxh6 Ng6 35. h5 Nf8 36. Qxf8+ 1-0

[Event "Liga Madrileña - DH 2014-2015"]
[Site "Madrid ESP"]
[Date "2015.02.01"]
[Round "8.26"]
[White "Cobo Diego, Fidel"]
[Black "Bote Alvarez Carrasco, Valentin"]
[Result "1-0"]
[WhiteElo "2035"]
[BlackElo "2157"]
[PlyCount "69"]
[EventDate "2014.11.23"]
[EventType "team-tourn"]
[EventRounds "14"]
[EventCountry "ESP"]
[Source "lmi"]
[SourceDate "2014.11.23"]
[WhiteTeam "Moratalaz"]
[BlackTeam "Collado Villalba"]
[WhiteTeamCountry "ESP"]
[BlackTeamCountry "ESP"]

1. e4 e5 2. Nf3 Nc6 3. Bb5 Nf6 4. d3 d6 5. c3 Bd7 6. Ba4 g6 7. O-O Bg7 8. Nbd2
O-O 9. Re1 Nh5 10. Nf1 Kh8 11. Bb3 Qe8 12. d4 exd4 13. Nxd4 Nxd4 14. cxd4 c5
15. dxc5 dxc5 16. Bd5 Bc6 17. Be3 b6 18. Qd2 Rd8 19. Bg5 f6 20. Bh6 Qe5 21.
Bxg7+ Kxg7 22. Rad1 Rf7 23. Qc1 Bxd5 24. exd5 Qf4 25. Ne3 Rfd7 26. g4 Qg5 27.
h4 Qxh4 28. gxh5 Qg5+ 29. Ng2 Qxh5 30. Nf4 Qg4+ 31. Kf1 Kg8 32. Qe3 Rd6 33. Ne6
Rxd5 34. Nxd8 Rxd1 35. Qb3+ 1-0

[Event "Liga Madrileña - DH 2014-2015"]
[Site "Madrid ESP"]
[Date "2015.02.01"]
[Round "8.31"]
[White "Taboas Rodriguez, Daniel"]
[Black "Candela Perez, Jose"]
[Result "1-0"]
[WhiteElo "2399"]
[BlackElo "2430"]
[PlyCount "79"]
[EventDate "2014.11.23"]
[EventType "team-tourn"]
[EventRounds "14"]
[EventCountry "ESP"]
[Source "lmi"]
[SourceDate "2014.11.23"]
[WhiteTeam "Blanco y Negro"]
[BlackTeam "La Casa del Ajedrez"]
[WhiteTeamCountry "ESP"]
[BlackTeamCountry "ESP"]

1. d4 Nf6 2. Nf3 g6 3. c4 Bg7 4. Nc3 O-O 5. e4 d6 6. Be2 Nbd7 7. O-O e5 8. Be3
c6 9. d5 c5 10. Ne1 Ne8 11. g4 f5 12. gxf5 gxf5 13. exf5 Nb6 14. Kh1 Bxf5 15.
Rg1 Kh8 16. Nf3 e4 17. Ng5 Bxc3 18. bxc3 Ng7 19. Qd2 Qf6 20. Rg2 Rae8 21. Rag1
Rg8 22. Bf4 Bg6 23. Qe3 Rgf8 24. Nxh7 Bxh7 25. Rxg7 Re7 26. Rxe7 Qxe7 27. Qg3
Nc8 28. Bg4 Rg8 29. Qe3 Nb6 30. Be2 Rxg1+ 31. Kxg1 Bf5 32. Qg3 Nc8 33. Kf1 Kh7
34. Ke1 a6 35. Kd2 Qf6 36. Bg5 Qf7 37. Qh4+ Kg8 38. Bh5 Bg6 39. Bg4 Bf5 40. Bf6
1-0

[Event "Liga Madrileña - DH 2014-2015"]
[Site "Madrid ESP"]
[Date "2015.02.01"]
[Round "8.33"]
[White "Bolado Saez, Sergio"]
[Black "Suarez Uriel, Adrian"]
[Result "1-0"]
[WhiteElo "2358"]
[BlackElo "2283"]
[PlyCount "62"]
[EventDate "2014.11.23"]
[EventType "team-tourn"]
[EventRounds "14"]
[EventCountry "ESP"]
[Source "lmi"]
[SourceDate "2014.11.23"]
[WhiteTeam "Blanco y Negro"]
[BlackTeam "La Casa del Ajedrez"]
[WhiteTeamCountry "ESP"]
[BlackTeamCountry "ESP"]

1. d4 Nf6 2. c4 g6 3. f3 c5 4. d5 b5 5. e4 d6 6. cxb5 a6 7. bxa6 Bg7 8. Bd3 O-O
9. Ne2 Nbd7 10. Nec3 Ne5 11. Be2 Bxa6 12. f4 Bxe2 13. Qxe2 Ned7 14. O-O h5 15.
h3 Qb6 16. Nd2 Rfb8 17. e5 Ne8 18. e6 Ndf6 19. exf7+ Kxf7 20. Nf3 Nc7 21. Qc2
Bh6 22. Ne4 Rg8 23. Nfg5+ Ke8 24. Nxf6+ exf6 25. Re1+ Kd7 26. Nh7 Nxd5 27. Rd1
Rg7 28. Rxd5 Rxh7 29. Be3 Re7 30. Bxc5 Rc8 31. Qa4+ Qc6 1-0

[Event "Liga Madrileña - DH 2014-2015"]
[Site "Madrid ESP"]
[Date "2015.02.01"]
[Round "8.34"]
[White "Madina Yadarola, Martin"]
[Black "Alarcia Astiz, Carlos"]
[Result "0-1"]
[WhiteElo "2281"]
[BlackElo "2337"]
[PlyCount "84"]
[EventDate "2014.11.23"]
[EventType "team-tourn"]
[EventRounds "14"]
[EventCountry "ESP"]
[Source "lmi"]
[SourceDate "2014.11.23"]
[WhiteTeam "La Casa del Ajedrez"]
[BlackTeam "Blanco y Negro"]
[WhiteTeamCountry "ESP"]
[BlackTeamCountry "ESP"]

1. e4 c6 2. Nf3 d5 3. exd5 cxd5 4. Ne5 a6 5. d4 Nf6 6. Bd3 Nc6 7. Nxc6 bxc6 8.
h3 g6 9. O-O Bg7 10. c3 O-O 11. Nd2 Nd7 12. Nf3 Qc7 13. Re1 Re8 14. Qa4 a5 15.
Bd2 Bb7 16. Re2 e5 17. dxe5 Nc5 18. Qc2 Nxd3 19. Qxd3 Ba6 20. Qe3 Bxe2 21. Qxe2
Bxe5 22. Nxe5 Qxe5 23. Be3 a4 24. Qd2 f5 25. Rd1 Qe4 26. Qc1 Qc4 27. Bd4 Qe2
28. Kh2 Rab8 29. Qf4 Rb7 30. Qd6 Qe6 31. Qa3 Qe7 32. Qxa4 Qd6+ 33. g3 Rxb2 34.
c4 Rb4 35. Qa3 c5 36. Be3 Rxc4 37. Qd3 Rd8 38. Rb1 Re4 39. Rb7 d4 40. Bg5 Qd5
41. Bxd8 Re1 42. g4 f4 0-1

[Event "Liga Madrileña - DH 2014-2015"]
[Site "Madrid ESP"]
[Date "2015.02.01"]
[Round "8.36"]
[White "Collado Barbas, Laura"]
[Black "Fernandez Rodriguez, Fernando"]
[Result "1-0"]
[WhiteElo "2132"]
[BlackElo "1746"]
[PlyCount "137"]
[EventDate "2014.11.23"]
[EventType "team-tourn"]
[EventRounds "14"]
[EventCountry "ESP"]
[Source "lmi"]
[SourceDate "2014.11.23"]
[WhiteTeam "La Casa del Ajedrez"]
[BlackTeam "Blanco y Negro"]
[WhiteTeamCountry "ESP"]
[BlackTeamCountry "ESP"]

1. d4 Nf6 2. c4 g6 3. Nc3 Bg7 4. e4 d6 5. Nf3 O-O 6. h3 e5 7. d5 a5 8. Bg5 Na6
9. g4 Qe8 10. Be2 Nd7 11. Qd2 Nb6 12. Bh6 Nc5 13. Nh2 Nba4 14. Bxg7 Kxg7 15.
Nb5 Qe7 16. b3 Nxe4 17. Qe3 Nac5 18. Bf3 f5 19. gxf5 Bxf5 20. O-O-O Rac8 21.
Rhg1 Qh4 22. Ng4 Bxg4 23. Bxg4 Nxf2 24. Rd2 Nxg4 25. Rxg4 Rf1+ 26. Kc2 Qf6 27.
Nc3 Rf3 28. Qe2 Qf5+ 29. Kb2 Nd3+ 30. Ka3 Nc5 31. Kb2 a4 32. bxa4 Nd3+ 33. Ka1
Nc1 34. Qe4 Qf6 35. Kb2 Rf1 36. Rc2 Nxa2 37. Nxa2 Rf8 38. Nc3 Qe7 39. Qg2 Qd7
40. h4 R1f4 41. Rxf4 Rxf4 42. Nb5 Rxh4 43. Kb3 Rh3+ 44. Kb2 Rh4 45. Qf2 Rf4 46.
Qa7 c6 47. dxc6 Qxc6 48. Qb8 Rxc4 49. Rxc4 Qxc4 50. Qxb7+ Kh6 51. Qh1+ Kg7 52.
Qb7+ Kh6 53. Nc3 Qc5 54. Qh1+ Kg7 55. Qb7+ Kh6 56. Qb5 Qf2+ 57. Qe2 Qb6+ 58.
Qb5 Qf2+ 59. Ka3 e4 60. Qd5 e3 61. Qxd6 Kg7 62. Qd4+ Kg8 63. Qd8+ Kg7 64. Qe7+
Kh6 65. Nd1 Qc2 66. Qxe3+ g5 67. Nf2 Qc6 68. Ng4+ Kg7 69. Qe7+ 1-0

[Event "Liga Madrileña - DH 2014-2015"]
[Site "Madrid ESP"]
[Date "2015.02.01"]
[Round "8.42"]
[White "Fernandez Lledo, Javier"]
[Black "Espinosa Aranda, Angel"]
[Result "1/2-1/2"]
[WhiteElo "2256"]
[BlackElo "2399"]
[PlyCount "85"]
[EventDate "2014.11.23"]
[EventType "team-tourn"]
[EventRounds "14"]
[EventCountry "ESP"]
[Source "lmi"]
[SourceDate "2014.11.23"]
[WhiteTeam "Pueblo Nuevo"]
[BlackTeam "64 Villalba"]
[WhiteTeamCountry "ESP"]
[BlackTeamCountry "ESP"]

1. e4 c5 2. Nf3 Nc6 3. d4 cxd4 4. Nxd4 Nf6 5. Nc3 e5 6. Ndb5 h6 7. Nd6+ Bxd6 8.
Qxd6 Qe7 9. Nb5 Rb8 10. f3 a6 11. Qxe7+ Kxe7 12. Nc3 d5 13. exd5 Nb4 14. d6+
Kxd6 15. Bd3 Nxd3+ 16. cxd3 Bf5 17. Ke2 Rbc8 18. Bd2 Rc6 19. Rac1 Rhc8 20. Ne4+
Ke6 21. Nxf6 Kxf6 22. Rxc6+ Rxc6 23. Rc1 Rd6 24. Rc3 g5 25. b4 Be6 26. a3 Bd7
27. Be3 Bb5 28. Bc5 Rc6 29. Kd2 h5 30. d4 exd4 31. Bxd4+ Kf5 32. Rxc6 Bxc6 33.
Ke3 g4 34. Bb6 Ke5 35. fxg4 hxg4 36. h3 Bxg2 37. hxg4 Bc6 38. g5 Bb5 39. Kd2
Kd5 40. Kc3 Ba4 41. Bd8 Bd1 42. Bf6 Ba4 43. Bd8 1/2-1/2

[Event "Liga Madrileña - DH 2014-2015"]
[Site "Madrid ESP"]
[Date "2015.02.01"]
[Round "8.43"]
[White "Lopez del Alamo, Antonio"]
[Black "Nieto de la Cruz, Julio"]
[Result "1-0"]
[WhiteElo "2260"]
[BlackElo "2178"]
[PlyCount "43"]
[EventDate "2014.11.23"]
[EventType "team-tourn"]
[EventRounds "14"]
[EventCountry "ESP"]
[Source "lmi"]
[SourceDate "2014.11.23"]
[WhiteTeam "64 Villalba"]
[BlackTeam "Pueblo Nuevo"]
[WhiteTeamCountry "ESP"]
[BlackTeamCountry "ESP"]

1. e4 c5 2. Nf3 Nc6 3. Bb5 Nd4 4. Nxd4 cxd4 5. O-O g6 6. c3 Bg7 7. cxd4 Qb6 8.
Nc3 Bxd4 9. Nd5 Qc5 10. b4 Qd6 11. Rb1 a6 12. Qc2 Rb8 13. Bb2 Bxb2 14. Qxb2 Nf6
15. Bc4 e5 16. f4 Nxd5 17. Bxd5 f6 18. fxe5 fxe5 19. d4 Qb6 20. Kh1 Qxd4 21.
Qc1 h6 22. Qc7 1-0

[Event "Liga Madrileña - DH 2014-2015"]
[Site "Madrid ESP"]
[Date "2015.02.01"]
[Round "8.44"]
[White "Navarro Nicolas, Victor Manuel"]
[Black "Perez Felipe, Marcos Adrian"]
[Result "1/2-1/2"]
[WhiteElo "2156"]
[BlackElo "2201"]
[PlyCount "66"]
[EventDate "2014.11.23"]
[EventType "team-tourn"]
[EventRounds "14"]
[EventCountry "ESP"]
[Source "lmi"]
[SourceDate "2014.11.23"]
[WhiteTeam "Pueblo Nuevo"]
[BlackTeam "64 Villalba"]
[WhiteTeamCountry "ESP"]
[BlackTeamCountry "ESP"]

1. Nf3 Nf6 2. c4 e6 3. g3 b6 4. Bg2 Bb7 5. O-O Be7 6. Nc3 O-O 7. Re1 c5 8. e4
Nc6 9. e5 Ne8 10. d4 Nxd4 11. Nxd4 Bxg2 12. Kxg2 cxd4 13. Qxd4 d6 14. Rd1 Qc7
15. Bf4 dxe5 16. Bxe5 Qc6+ 17. Qe4 Rc8 18. Qxc6 Rxc6 19. Rd7 Bf6 20. Bxf6 Nxf6
21. Rxa7 Rxc4 22. Rd1 Rb8 23. Rb7 Rcc8 24. Rxb8 Rxb8 25. Rd6 Kf8 26. Rc6 Rb7
27. b4 Ke7 28. a4 Kd7 29. Rc4 Ra7 30. Rd4+ Kc6 31. Rc4+ Kd7 32. Rd4+ Kc6 33.
Rc4+ Kd7 1/2-1/2

[Event "Liga Madrileña - DH 2014-2015"]
[Site "Madrid ESP"]
[Date "2015.02.01"]
[Round "8.45"]
[White "Gutierrez Castillo, Oscar"]
[Black "Barez Menendez, Hector"]
[Result "1/2-1/2"]
[WhiteElo "2165"]
[BlackElo "2144"]
[PlyCount "119"]
[EventDate "2014.11.23"]
[EventType "team-tourn"]
[EventRounds "14"]
[EventCountry "ESP"]
[Source "lmi"]
[SourceDate "2014.11.23"]
[WhiteTeam "64 Villalba"]
[BlackTeam "Pueblo Nuevo"]
[WhiteTeamCountry "ESP"]
[BlackTeamCountry "ESP"]

1. e4 e5 2. d4 exd4 3. Nf3 Nf6 4. Bc4 d5 5. exd5 Bb4+ 6. c3 Qe7+ 7. Be2 dxc3 8.
bxc3 Bc5 9. O-O O-O 10. Bg5 Bg4 11. Nbd2 Nbd7 12. Bb5 Rad8 13. Re1 Bxf2+ 14.
Kxf2 Qc5+ 15. Be3 Qxb5 16. c4 Qa6 17. Qb3 Qd6 18. h3 Bh5 19. Qxb7 Nc5 20. Qxa7
Nd3+ 21. Kg1 Nxe1 22. Rxe1 Rfe8 23. Qd4 Ra8 24. Bf4 Rxe1+ 25. Nxe1 Qe7 26. Nef3
Rxa2 27. g4 Bg6 28. Bg5 h6 29. Bh4 Ra3 30. Qb2 Ra8 31. Qb7 Ra1+ 32. Kf2 Bd3 33.
Bxf6 gxf6 34. Qb2 Rd1 35. Qc3 Qe2+ 36. Kg3 Qe3 37. c5 h5 38. Qb4 h4+ 39. Kxh4
Qf2+ 40. Kh5 Bg6+ 41. Kh6 Qe3+ 42. g5 Rb1 43. Nxb1 Qe8 44. c6 Bxb1 45. gxf6 Kh8
46. Kg5 Qg8+ 47. Kf4 Qg6 48. Qd4 Qh6+ 49. Kg3 Qg6+ 50. Qg4 Qxf6 51. Qh4+ Kg7
52. Qxf6+ Kxf6 53. Kf4 Ba2 54. Ke4 Ke7 55. Ke5 f6+ 56. Kd4 Kd6 57. Nd2 Bxd5 58.
Ne4+ Kxc6 59. Nxf6 Bf7 60. h4 1/2-1/2

[Event "Liga Madrileña - DH 2014-2015"]
[Site "Madrid ESP"]
[Date "2015.02.01"]
[Round "8.46"]
[White "De la Puerta Cresis, Javier"]
[Black "Martinez Alvira, Santiago"]
[Result "1-0"]
[WhiteElo "2097"]
[BlackElo "2006"]
[PlyCount "123"]
[EventDate "2014.11.23"]
[EventType "team-tourn"]
[EventRounds "14"]
[EventCountry "ESP"]
[Source "lmi"]
[SourceDate "2014.11.23"]
[WhiteTeam "Pueblo Nuevo"]
[BlackTeam "64 Villalba"]
[WhiteTeamCountry "ESP"]
[BlackTeamCountry "ESP"]

1. c4 d6 2. g3 e5 3. Bg2 g6 4. Nc3 Bg7 5. d3 c6 6. e4 Ne7 7. Nge2 O-O 8. O-O
Bg4 9. Be3 Nd7 10. Qd2 Be6 11. Rae1 f5 12. b3 Nf6 13. d4 Ng4 14. Bg5 h6 15.
Bxe7 Qxe7 16. d5 f4 17. dxe6 f3 18. Bh3 fxe2 19. Rxe2 h5 20. f3 Bh6 21. Qd3 Nf6
22. f4 g5 23. f5 g4 24. Bg2 Rfd8 25. Rd1 Qc7 26. Rc2 Qb6+ 27. Kh1 Kf8 28. Qe2
Ke7 29. Na4 Qa6 30. Rc3 b6 31. Rcd3 Qa5 32. Qb2 Qa6 33. Nc3 Qb7 34. Qa3 Ne8 35.
b4 a6 36. Qb2 b5 37. c5 dxc5 38. Rd7+ Rxd7 39. Rxd7+ Qxd7 40. exd7 Kxd7 41.
bxc5 Be3 42. Qb3 Nc7 43. Qf7+ Kc8 44. Qxh5 Kb7 45. Qxg4 Rd8 46. h4 Bxc5 47. f6
Rd3 48. Ne2 Rd2 49. f7 Rxa2 50. Bf3 b4 51. Qf5 b3 52. f8=Q Bxf8 53. Qxf8 a5 54.
Nc3 b2 55. Qf7 Ra1+ 56. Kg2 a4 57. h5 Rc1 58. Qa2 Rxc3 59. Qxb2+ Rb3 60. Qa2
Rb4 61. Bd1 Rxe4 62. Qb1+ 1-0

[Event "Liga Madrileña - DH 2014-2015"]
[Site "Madrid ESP"]
[Date "2015.02.08"]
[Round "9.11"]
[White "Fernandez Lledo, Javier"]
[Black "Taboas Rodriguez, Daniel"]
[Result "1/2-1/2"]
[WhiteElo "2256"]
[BlackElo "2399"]
[PlyCount "58"]
[EventDate "2014.11.23"]
[EventType "team-tourn"]
[EventRounds "14"]
[EventCountry "ESP"]
[Source "lmi"]
[SourceDate "2014.11.23"]
[WhiteTeam "Pueblo Nuevo"]
[BlackTeam "Blanco y Negro"]
[WhiteTeamCountry "ESP"]
[BlackTeamCountry "ESP"]

1. e4 e6 2. d4 d5 3. Nd2 Nc6 4. Ngf3 Nf6 5. e5 Ne4 6. Bd3 Nxd2 7. Bxd2 Nb4 8.
Be2 c5 9. c3 Nc6 10. O-O Bd7 11. a3 cxd4 12. cxd4 Qb6 13. Bc3 Rc8 14. Qd2 Be7
15. Bd1 O-O 16. Bc2 f5 17. exf6 Bxf6 18. Rfe1 g6 19. Rad1 Bg7 20. Bb1 Rxf3 21.
gxf3 Rf8 22. Kg2 Qd8 23. h4 Qf6 24. Qe3 Bh6 25. Qd3 Ne7 26. Bb4 Qxh4 27. Rh1
Qg5+ 28. Kf1 a6 29. Qe3 Qxe3 1/2-1/2

[Event "Liga Madrileña - DH 2014-2015"]
[Site "Madrid ESP"]
[Date "2015.02.08"]
[Round "9.12"]
[White "Bolado Saez, Sergio"]
[Black "Nieto de la Cruz, Julio"]
[Result "1-0"]
[WhiteElo "2358"]
[BlackElo "2178"]
[PlyCount "119"]
[EventDate "2014.11.23"]
[EventType "team-tourn"]
[EventRounds "14"]
[EventCountry "ESP"]
[Source "lmi"]
[SourceDate "2014.11.23"]
[WhiteTeam "Blanco y Negro"]
[BlackTeam "Pueblo Nuevo"]
[WhiteTeamCountry "ESP"]
[BlackTeamCountry "ESP"]

1. d4 Nf6 2. c4 c5 3. d5 b5 4. cxb5 a6 5. bxa6 g6 6. Nc3 Bxa6 7. Nf3 d6 8. g3
Bg7 9. Bg2 Nbd7 10. O-O Nb6 11. Re1 O-O 12. Nd2 Nfd7 13. Qc2 Bb7 14. Nf1 c4 15.
Ne3 Ra5 16. Bd2 Qa8 17. a3 f5 18. Na2 Rb5 19. Nb4 Nf6 20. a4 Rc5 21. a5 Nbxd5
22. Nexd5 Bxd5 23. Nxd5 Nxd5 24. e4 fxe4 25. Rxe4 c3 26. bxc3 Nxc3 27. Bxc3
Bxc3 28. Rc4 Qc8 29. Qxc3 Rxc4 30. Bd5+ e6 31. Qxc4 exd5 32. Qxc8 Rxc8 33. a6
Kf7 34. a7 Ra8 35. Kf1 Ke6 36. Ke2 Kf5 37. Ke3 g5 38. h3 Ke5 39. Ra5 h5 40. f4+
gxf4+ 41. gxf4+ Ke6 42. Ke2 Kf6 43. Kd3 Kf5 44. Ra4 d4 45. Kxd4 Kxf4 46. Ra3
Kg5 47. Ra5+ Kh4 48. Ra3 Kg5 49. Ke4 Kh4 50. Kf5 Rf8+ 51. Ke6 d5 52. Kxd5 Ra8
53. Ke5 Re8+ 54. Kf6 Rf8+ 55. Kg7 Ra8 56. Kh7 Kg5 57. Ra4 Kf5 58. Kg7 Ke6 59.
Kg6 h4 60. Kg5 1-0

[Event "Liga Madrileña - DH 2014-2015"]
[Site "Madrid ESP"]
[Date "2015.02.08"]
[Round "9.13"]
[White "Iturbide Arnedo, Oscar"]
[Black "Alarcia Astiz, Carlos"]
[Result "0-1"]
[WhiteElo "2168"]
[BlackElo "2337"]
[PlyCount "60"]
[EventDate "2014.11.23"]
[EventType "team-tourn"]
[EventRounds "14"]
[EventCountry "ESP"]
[Source "lmi"]
[SourceDate "2014.11.23"]
[WhiteTeam "Pueblo Nuevo"]
[BlackTeam "Blanco y Negro"]
[WhiteTeamCountry "ESP"]
[BlackTeamCountry "ESP"]

1. e4 c6 2. d4 d5 3. e5 Bf5 4. Nc3 e6 5. g4 Bg6 6. Nge2 h6 7. h4 c5 8. Be3 Nc6
9. dxc5 Nxe5 10. Nf4 Bh7 11. Bb5+ Nc6 12. Qe2 Nge7 13. O-O-O Qa5 14. Rd4 O-O-O
15. Ra4 Qc7 16. Bd2 a6 17. Bd3 Bxd3 18. Nxd3 e5 19. b4 e4 20. Bf4 exd3 21. Bxc7
dxe2 22. Bxd8 Kxd8 23. Nxe2 Ne5 24. Rg1 h5 25. g5 g6 26. Rd1 Kc7 27. Nf4 Bg7
28. Nxd5+ Nxd5 29. Rxd5 Nc4 30. c6 Nb6 0-1

[Event "Liga Madrileña - DH 2014-2015"]
[Site "Madrid ESP"]
[Date "2015.02.08"]
[Round "9.14"]
[White "Renteria Becerra, Jorge Elicer"]
[Black "Navarro Nicolas, Victor Manuel"]
[Result "1/2-1/2"]
[WhiteElo "2253"]
[BlackElo "2156"]
[PlyCount "95"]
[EventDate "2014.11.23"]
[EventType "team-tourn"]
[EventRounds "14"]
[EventCountry "ESP"]
[Source "lmi"]
[SourceDate "2014.11.23"]
[WhiteTeam "Blanco y Negro"]
[BlackTeam "Pueblo Nuevo"]
[WhiteTeamCountry "ESP"]
[BlackTeamCountry "ESP"]

1. e4 e6 2. d4 d5 3. Nc3 Bb4 4. e5 c5 5. a3 Bxc3+ 6. bxc3 Ne7 7. Qg4 Qc7 8.
Qxg7 Rg8 9. Qxh7 cxd4 10. Ne2 Nbc6 11. f4 dxc3 12. Qd3 Bd7 13. Qxc3 O-O-O 14.
Rb1 Nf5 15. Ng3 d4 16. Qd3 Nce7 17. Bd2 Nxg3 18. hxg3 Nf5 19. Rh3 Bc6 20. Kf2
a6 21. c4 dxc3 22. Qxc3 Qd7 23. Rb2 Qd5 24. Be3 Qe4 25. Bb6 Rd1 26. Qb4 Qxb4
27. axb4 Nxg3 28. Rxg3 Rxf1+ 29. Kxf1 Rxg3 30. Rd2 Bd5 31. Rc2+ Bc6 32. Kg1 Rb3
33. Rd2 Bd5 34. Bc5 Ra3 35. f5 Ra2 36. Rxa2 Bxa2 37. g4 Kd7 38. Kf2 Bb1 39.
fxe6+ Kxe6 40. Ke3 Kxe5 41. g5 Kd5 42. Be7 Kc4 43. Kd2 Kb3 44. Kc1 Bf5 45. Bd6
b6 46. Bc7 Kxb4 47. Bxb6 a5 48. Kb2 1/2-1/2

[Event "Liga Madrileña - DH 2014-2015"]
[Site "Madrid ESP"]
[Date "2015.02.08"]
[Round "9.15"]
[White "Barez Menendez, Hector"]
[Black "Rivas Vila, David"]
[Result "1-0"]
[WhiteElo "2144"]
[BlackElo "2204"]
[PlyCount "103"]
[EventDate "2014.11.23"]
[EventType "team-tourn"]
[EventRounds "14"]
[EventCountry "ESP"]
[Source "lmi"]
[SourceDate "2014.11.23"]
[WhiteTeam "Pueblo Nuevo"]
[BlackTeam "Blanco y Negro"]
[WhiteTeamCountry "ESP"]
[BlackTeamCountry "ESP"]

1. Nf3 c5 2. c4 Nc6 3. g3 g6 4. Bg2 Bg7 5. O-O Nf6 6. d4 cxd4 7. Nxd4 O-O 8.
Nc3 Nxd4 9. Qxd4 d6 10. Qd3 Rb8 11. Be3 b6 12. Bd4 Be6 13. Nd5 Bxd5 14. cxd5
Nd7 15. Bxg7 Kxg7 16. h4 Rc8 17. Bh3 Rc5 18. b4 Ne5 19. Qd2 Rc7 20. Rac1 b5 21.
h5 f5 22. h6+ Kg8 23. Rxc7 Qxc7 24. Rc1 Qb6 25. Qc3 Kf7 26. Kf1 Rg8 27. e4 Ng4
28. Qd2 g5 29. Bxg4 fxg4 30. Qe2 Kg6 31. Qxg4 Kxh6 32. Kg2 Rf8 33. f4 Kg7 34.
Qxg5+ Kf7 35. Rh1 Ke8 36. Rc1 Kf7 37. e5 Qb7 38. exd6 exd6 39. Rh1 Rh8 40. Qf5+
Kg7 41. Rh4 h5 42. Rxh5 Rxh5 43. Qxh5 Qb6 44. Qf5 Qd4 45. a3 Qb2+ 46. Kh3 Qxa3
47. Qd7+ Kg8 48. Qxd6 Qa1 49. Qe6+ Kf8 50. d6 Qh8+ 51. Kg4 Qg7+ 52. Kf5 1-0

[Event "Liga Madrileña - DH 2014-2015"]
[Site "Madrid ESP"]
[Date "2015.02.08"]
[Round "9.16"]
[White "Garrido Olivares, Ricard"]
[Black "De la Puerta Cresis, Javier"]
[Result "1-0"]
[WhiteElo "2181"]
[BlackElo "2097"]
[PlyCount "151"]
[EventDate "2014.11.23"]
[EventType "team-tourn"]
[EventRounds "14"]
[EventCountry "ESP"]
[Source "lmi"]
[SourceDate "2014.11.23"]
[WhiteTeam "Blanco y Negro"]
[BlackTeam "Pueblo Nuevo"]
[WhiteTeamCountry "ESP"]
[BlackTeamCountry "ESP"]

1. c4 Nf6 2. g3 c5 3. Bg2 g6 4. Nf3 Bg7 5. Nc3 Nc6 6. d4 cxd4 7. Nxd4 O-O 8.
O-O Nxd4 9. Qxd4 d6 10. Qd3 Nd7 11. b3 Nc5 12. Qe3 Be6 13. Bd2 Qd7 14. Rac1
Rfe8 15. b4 Na6 16. Nb5 Bxc4 17. Rxc4 Qxb5 18. Rfc1 d5 19. a4 Qd7 20. R4c2 Qxa4
21. Bxd5 Rab8 22. Qf3 Rf8 23. Bxb7 Nxb4 24. Rc7 e6 25. Be3 Qa5 26. Kg2 Rbd8 27.
R1c5 Qa1 28. Rb5 Be5 29. Rc1 Qb2 30. Qe4 Bd4 31. Rb1 Qxe2 32. R5xb4 Bc3 33.
R4b3 Bg7 34. Bxa7 Qa2 35. Be3 Rb8 36. Bf4 Rbd8 37. Qf3 h5 38. Bg5 Rd4 39. Bf6
Rd2 40. Be4 Re2 41. Bd3 Rd2 42. Bg5 Rb2 43. R3xb2 Bxb2 44. Qe2 Qd5+ 45. Be4
Qxg5 46. Rxb2 h4 47. Rb5 Qh6 48. g4 h3+ 49. Kg3 f5 50. Bd5 exd5 51. Qe6+ Kh8
52. Qe5+ Qg7 53. Qxg7+ Kxg7 54. Rxd5 fxg4 55. Rd2 Rf3+ 56. Kxg4 Rb3 57. f3 Kh6
58. Rd4 Ra3 59. Rf4 g5 60. Rf6+ Kg7 61. Rf5 Ra4+ 62. Kxh3 Kg6 63. Rb5 Rc4 64.
Kg3 Ra4 65. Re5 Rf4 66. Re4 Rf6 67. Kg4 Rb6 68. Ra4 Rf6 69. Rb4 Rc6 70. Rb8
Rc4+ 71. Kg3 Ra4 72. Rg8+ Kf5 73. Rf8+ Kg6 74. Re8 Rf4 75. Re6+ Kf5 76. Re4 1-0